• 首页
  • 本馆介绍
  • 公告通知
  • 最新文献
  • 馆藏检索
  • 电子资源
  • 读者导购
  • 参考咨询
  • 我的图书馆
  • 登录
  • 详细信息显示
  • 放入我的书架
  • 预约/预借图书
  • 作者相关作品
  • 分类相关作品
  • 丛书相关作品
  • 出版社相关作品

书目信息

  • 表格格式
  • 工作单格式
  • 卡片格式
题名:
中共党史事件人物录
    
 
作者: ;中共党史事件人物录编写组 编
分册:  
出版信息: 上海   上海人民出版社  1983
页数: 759页
开本: 19cm
丛书名:
单 册:
中图分类: D239 , K82-61 , D23
科图分类:
主题词: 党史-中国共产党-历史事件-人名录 , 历史事件-党史-中国共产党-人名录 , 人名录-中国共产党-党史-历史事件 , 中国共产党
电子资源:
ISBN:
000 00952nam0 2200313 45
001 0183005799
005 20040428142855.3
010    @dCNY2.05
091    @a3074.672
100    @a19950703d1983 em y0chiy0121 ea
101 0  @achi
102    @aCN@b310000
105    @ay g 000yc
106    @ar
200 10 @a中共党史事件人物录@Azhong gong dang shi shi jian ren wu lu@f中共党史事件人物录编写组编
210    @a上海@c上海人民出版社@d1983
215    @a759页@d19cm
601 02 @a中国共产党@x党史@x历史事件@x人名录
606    @a党史-中国共产党-历史事件-人名录
606    @a历史事件-党史-中国共产党-人名录
606    @a人名录-中国共产党-党史-历史事件
606 0  @a中国共产党
690    @aD239@v3
690    @aK82-61@v3
690    @aD23@v3
711 02 @a中共党史事件人物录编写组@Azhong gong dang shi shi jian ren wu lu bian xie zu@4编
801  0 @aCN@b上海图书馆@c20040427
801  2 @aCN@bNLC@c20040427
905    @f1@b254291@dD23@e117
    
    中共党史事件人物录/中共党史事件人物录编写组编.-上海:上海人民出版社,1983
    759页;19cm
    
    
    ISBN :CNY2.05
    
●
相关链接 在E读中查询图书 在五车中查询图书 在当当中查询图书 在豆瓣中查询图书


正题名:中共党史事件人物录     索取号:D23/117         预约/预借

序号 登录号 条形码 馆藏地/架位号 状态 备注
1 0254291   000376024   密集书库/ [索取号:D23/117] 在馆    
唐山师范学院图书馆 欢迎您!
大连网信软件有限公司© 版权所有